'Sub' Words Quiz Stats

 Plays Quiz Updated Apr 1, 2013

Also try: Begins with 'TRI'
Challenge
Share
Tweet
Embed
Score 0/21 Timer 05:00
0 Plays Today
Clue Sub Answer % Correct
Operation involving a minus signSubtraction
91.2%
Restaurant where Jared Fogle and Clay Henry 'eat fresh'Subway
91%
Could be a fill-in teacher or a 1966 song by The WhoSubstitute
89.5%
Neighbourhoods outside a city's coreSuburbs
88.1%
Magazine order, paid in advanceSubscription
87.7%
Enter a resume on-line at an employer's invitationSubmit
83.3%
Alternative to dubbing of foreign moviesSubtitles
79.8%
You don't pay this tradesman directly, he is hired by your builderSubcontractor
79.2%
Automobile manufacturer that gave us the Impreza and the JustySubaru
78.6%
Object and predicate partnerSubject
78.3%
Dominant people may seek this type of partnerSubmissive
76.4%
Clue Sub Answer % Correct
Summons used to compel a witness to testify in courtSubpoena
70.6%
Type of 'hidden' suggestion (Is there one in this quiz?)Subliminal
58.2%
Mortgage offering that got many lenders into trouble in 2008Subprime
53.3%
Existing or situated undergroundSubterranean
50%
Not insignificantSubstantial
47.8%
Band that's only number one Alt hit, 'What I Got', charted after leader Bradley Nowell died in 1996.Sublime
47%
Overpower and cause to surrenderSubdue
40.9%
A very fine distinctionSubtlety
21.8%
Weakening or undermining a government or institutionSubversion
14.7%
Namor is more commonly known as this, in comic booksSubmariner
14.6%

You're not logged in!

Compare scores with friends on all Sporcle quizzes.
Join for Free
OR
Log In

You Might Also Like...

Show Comments

Extras

Top Quizzes Today


Score Distribution

Your Account Isn't Verified!

In order to create a playlist on Sporcle, you need to verify the email address you used during registration. Go to your Sporcle Settings to finish the process.

Report this User

Report this user for behavior that violates our Community Guidelines.

Details: